Historia : el mundo contemporáneo /
Guardado en:
| Autor Principal: | |
|---|---|
| Otros Autores: | , , |
| Formato: | Libro |
| Publicado: |
Buenos Aires,
A-z.
2000 :
|
| Series: | Polimodal A-z
|
| Materias: | |
| Etiquetas: |
Agregar Etiqueta
Sin Etiquetas, Sea el primero en etiquetar este registro!
|
| LEADER | 03559nam a22002655a 4500 | ||
|---|---|---|---|
| 001 | CEM.cems010612 | ||
| 008 | 130507b2000##################000#0#####d | ||
| 005 | 20211206184413.0 | ||
| 003 | CEMS | ||
| 245 | 1 | 0 | |a Historia : |b el mundo contemporáneo / |c Felipe Pigna ... [et Al.] |
| 260 | |a Buenos Aires, |c 2000 : |b A-z. | ||
| 300 | |a 326 p. | ||
| 490 | 0 | |a Polimodal A-z | |
| 505 | 0 | |a Una época de grandes cambios -- La revolución industrial -- Los orígenes del movimiento obrero -- La sociedad colonial norteamericana -- Las democracias burguesas -- El nuevo estado liberal -- Las revoluciones de 1848 -- Las reformas políticas y sociales del estado -- Costumbres y moral en la sociedad burguesa -- La segunda revolución industrial -- El mercado mundial y la división internacional del trabajo -- Las nuevas ideas de cambio: marxismo y anarquismo -- Economía y sociedad en América Latina a fines del siglo XIX -- Los Estados Unidos antes de la Guerra Civil (1787-1861) -- Positivismo, darwinismo social y liberalismo burgués -- La belle epóque -- Guerra y revolución -- Los países industriales hacia 1914 -- Economía y sociedad en la Europa anterior a 1914 -- La guerra y la paz -- Los tratados y los territorios -- El surgimiento del fascismo -- La Rusia de los zares -- 1905: la primera revolución -- Octubre de 1917: la primera revolución socialista -- Los Estados Unidos antes de los años 20 -- Los Estados Unidos durante los años 20 -- La decisiva década de 1930 -- La caída de Wall Street -- Los nuevos roles del Estado -- América Latina frente a la crisis de 1929 -- La crisis en Europa -- El fascismo en Italia -- El nazismo en Alemania -- La república española -- La guerra Civil Española -- La Segunda Guerra Mundial -- Las potencias occidentales y los totalitarismos -- América Latina durante la Segunda Guerra Mundial -- El mundo de posguerra -- El fin de la guerra -- 1948: el bloqueo de Berlín y el comienzo de la guerra fría -- El Plan Marshall -- La República Polpular China -- El macartismo en los Estados Unidos -- La Otan y el Pacto de Varsovia -- El Estado de bienestar en occidente -- Economía y sociedad en los países socialistas -- Los años sesenta -- La revolución cubana -- América Latina: entre la revolución y la alianza para el progreso -- La Guerra de Vietnam -- El Mayo francés -- La primavera de Praga -- Las experiencias de Perú y de Chile -- La iglesia tras el Concilio Vaticano II -- La sociedad de consumo -- La evolución de los medios de comunicación -- El estilo de vida norteamericano -- El pensamiento alternativo y la resistencia cultural -- Hacia la globalización -- El terrorismo de estado en América Latina -- La nueva relación entre los Estados Unidos y América Latina -- Crisis y reestructuración del sistema capitalista -- El neoliberalismo y el fundamentalismo del mercado -- El bloque socialista: crisis y caída -- La Guerra del Golfo y el nuevo orden mundial -- La globalización -- El aumento de las desigualdades -- Desmantelamiento del estado de bienestar -- La democracia de mercado en los 90: nuevas relaciones entre el estado y la sociedad | |
| 020 | |a 9505346166 | ||
| 100 | 1 | |a Pigna, Felipe | |
| 700 | 1 | |a Mora, Carlos | |
| 700 | 1 | |a Bulacio, Julio | |
| 700 | 1 | |a Cao, Guillermo | |
| 082 | 0 | 4 | |a Z940.5 |
| 653 | |a Historia | ||
| 653 | |a Historia-polimodal | ||
| 859 | |a CEMS |b BIB. CEMS - 11 de abril |h 940.5 |i P622 |p 21166.01 |t Ej.1 | ||
| 859 | |a CEMS |b BIB. CEMS - Agricultura |h 940.5 |i P622 |p A0372.02 |t Ej.1 | ||
| 859 | |a CEMS |b BIB. CEMS - 11 de abril |h 940.5 |i P622 |p 22231.03 |t Ej.2 | ||
